|
|
|
|
| LEADER |
01680nam a2200445 a 4500 |
| 001 |
nkc20122379451 |
| 003 |
CZ PrNK |
| 005 |
20170623235009.0 |
| 007 |
ta |
| 008 |
120903s2012 xr a e 000 0 cze |
| 015 |
|
|
|a cnb002379451
|
| 020 |
|
|
|a 978-80-7427-096-3
|q (kroužková vazba)
|
| 035 |
|
|
|a (OCoLC)815381204
|
| 040 |
|
|
|a ABA001
|b cze
|
| 072 |
|
7 |
|a 58
|x Botanika
|2 Konspekt
|9 2
|
| 080 |
|
|
|a 582.736.3
|2 MRF
|
| 080 |
|
|
|a 577.21
|2 MRF
|
| 080 |
|
|
|a (072)
|2 MRF
|
| 100 |
1 |
|
|a Vráblík, Aleš
|7 jo2012718426
|4 aut
|
| 245 |
1 |
0 |
|a Metodika detekce vnitřního genu hrachu setého lektinu pomocí PCR :
|b metodika pro praxi /
|c Aleš Vráblík, Jan Hodek, Jaroslava Ovesná
|
| 260 |
|
|
|a Praha :
|b Výzkumný ústav rostlinné výroby,
|c 2012
|
| 300 |
|
|
|a 24 l. :
|b barev. il. ;
|c 30 cm
|
| 490 |
1 |
|
|a Metodika pro praxi
|
| 500 |
|
|
|a 50 výt.
|
| 504 |
|
|
|a Obsahuje bibliografii
|
| 650 |
0 |
7 |
|a hrách setý
|7 ph191020
|2 czenas
|
| 650 |
0 |
7 |
|a molekulární detekce
|7 ph514311
|2 czenas
|
| 650 |
0 |
9 |
|a Pisum sativum
|2 eczenas
|
| 650 |
0 |
9 |
|a molecular detection
|2 eczenas
|
| 655 |
|
7 |
|a metodické příručky
|7 fd132826
|2 czenas
|
| 655 |
|
9 |
|a methodological manuals
|2 eczenas
|
| 700 |
1 |
|
|a Hodek, Jan
|7 jx20080523020
|4 aut
|
| 700 |
1 |
|
|a Ovesná, Jaroslava,
|d 1959-
|7 mzk2006323886
|4 aut
|
| 810 |
2 |
|
|a Výzkumný ústav rostlinné výroby.
|t Metodika
|0 s
|
| 856 |
4 |
1 |
|u http://www.digitalniknihovna.cz/mzk/uuid/uuid:1f637c30-3ed1-11e7-b56f-005056827e52
|y Digitalizovaný dokument
|x NDK
|
| 910 |
2 |
|
|a BOA001
|b 4-1290.512
|
| 990 |
|
|
|a BK
|
| 995 |
|
|
|a 01
|
| 991 |
|
|
|b 201209
|c NOV
|e n
|
| 996 |
6 |
|
|b 2610522175
|c 4-1290.512
|l MZK
|r Sklad / do 1 hodiny
|n 2
|p p.v.
|w 001282494
|u 000010
|a 1
|e BOA001
|j MZK50
|s P
|